| 000 | 01049nam a22002297a 4500 | ||
|---|---|---|---|
| 999 |
_c2463 _d2463 |
||
| 003 | AR-CdUCM | ||
| 008 | 190304b ||||| |||| 00| 0 spa d | ||
| 020 | _a9972-42-042-6 | ||
| 040 |
_aMUNICIPALIDAD PROVINCIAL DEL CUSCO _cBIBLIOTECA MUNICIPAL DEL CUSCO |
||
| 082 |
_a348.53 / _bM42 |
||
| 100 |
_aMéndez Chang, Elvira _98802 |
||
| 245 | _aEl principio precautorio y su aplicación a los ensayos nucleares subterráneos franceses en el pacífico sur / | ||
| 260 |
_aLima : _bPontificia Universidad Católica del Perú, _c1996. |
||
| 300 |
_a96 paginas ; _c19 cm. |
||
| 505 | _aEl caso de los ensayos nucleares subterráneos franceses en el pacifico -- El proceso contra Francia por ensayos nucleares en la superficie ante la corte internacional de justicia -- Breve descripción del tipo de arma nuclear y del lugar donde se realizaron los ensayos ... | ||
| 650 |
_aDerecho internacional _95497 |
||
| 650 |
_aExplosiones nucleares _98803 |
||
| 650 |
_aContaminación _98804 |
||
| 650 |
_aFrancia _91444 |
||
| 942 |
_2ddc _cLIBROS |
||
| 945 | _aacv | ||